El huérfano.

Zapisane w:
Opis bibliograficzny
1. autor: Barros Grez, Daniel
Format: Książka
Język:hiszpański
Wydane: Santiago, Chile Gutenberg 1881
Hasła przedmiotowe:
Etykiety: Dodaj etykietę
Nie ma etykietki, Dołącz pierwszą etykiete!

MARC

LEADER 00000cam a2200000 a 4500
001 UCZ5883
003 CL-VaPUC
005 20201029002301.0
008 951127e18810000CL |||||||||||||||||spa|d
999 |c 242161  |d 242159 
040 |c Pontificia Universidad Católica de Valparaíso 
082 0 4 |a Ch863 BAR 1881  |2 21 
100 0 |a Barros Grez, Daniel  |9 313106 
245 1 3 |a El huérfano. 
260 0 3 |a Santiago, Chile  |b Gutenberg  |c 1881 
300 |a volúmenes. 
583 |a last modification  |c 20130114 09:18:08  |k Rodrigo Vera 
650 0 |a Novelas chilenas   |9 265425 
942 |c BK  |2 ddc 
945 |d 19951127 00:00:00  |a rbrito 
952 |0 0  |1 0  |4 0  |6 CH_863_000000000000000_BAR_1881  |7 0  |8 P  |9 254915  |a BIBEDU  |b BIBEDU  |c BIBEDU_PB  |d 2019-11-19  |h v.1  |i 3155218  |o Ch863 BAR 1881  |p 3155218  |r 2024-01-25  |t 1  |w 2019-11-19  |y BK  |k LIT 
952 |0 0  |1 0  |4 0  |6 CH_863_000000000000000_BAR_1881  |7 0  |8 X  |9 254916  |a FDOBUD  |b FDOBUD  |d 2019-11-19  |h v.1-3  |i 4920384  |o Ch863 BAR 1881  |p 4920384  |r 2019-11-19  |t 1  |w 2019-11-19  |y BK_X  |k BUD 
952 |0 0  |1 0  |4 0  |6 CH_863_000000000000000_BAR_1881  |7 0  |8 X  |9 254917  |a FDOBUD  |b FDOBUD  |d 2019-11-19  |h v.4-6  |i 4920392  |o Ch863 BAR 1881  |p 4920392  |r 2019-11-19  |t 1  |w 2019-11-19  |y BK_X  |k BUD